| 000 | 00693nam a2200229 a 4500 | ||
|---|---|---|---|
| 005 | 20210223125312.0 | ||
| 008 | 040302s2000 mx r 000 0 spa d | ||
| 020 | _a8466301143 | ||
| 035 | _aUPN01000132337 | ||
| 049 | _aCG | ||
| 050 | 4 |
_aRC438.6 K8 _bK8.7 |
|
| 100 | 1 | _aKübler-Ross, Elisabeth | |
| 245 | 1 | 3 |
_aLa rueda de la vida / _cElisabeth Kübler-Ross ; tr. Amelia Brito. |
| 260 |
_aMadrid : _bSuma de Letras, _c2000. |
||
| 300 |
_a387 p. : _bil. |
||
| 440 | 0 |
_aPunto de lectura ; _v101 |
|
| 534 |
_pTraducción de: _tThe wheel of life |
||
| 650 | 4 | _aPSIQUIATRAS | |
| 600 | 1 | 4 |
_aKUBLER-ROSS, ELISABETH, _d1926- |
| 650 | 4 |
_aMUERTE - _xASPECTOS PSICOLOGICOS _910028 |
|
| 905 | _aLibro | ||
| 999 |
_c104492 _d104492 |
||